| 000 | 00886nam a2200157 a 4500 | ||
|---|---|---|---|
| 008 | 140916s2012 ||||||||||||||||| || u | ||
| 050 | _aGOV.ZAM(058)ER/2012A | ||
| 110 | _aGovernment of the Republic of Zambia (GRZ) | ||
| 245 | 1 | 0 |
_aAnnual economic report 2012 _cby Government of the Republic of Zambia (GRZ) |
| 260 |
_aLusaka: _bGovernment of the Republic of Zambia (GRZ) _c2012 |
||
| 300 | _aviii, 34p.: ill. | ||
| 650 | 0 | _aECONOMIC DEVELOPMENT--ZAMBIA | |
| 995 |
_aSPECIAL COLLECTIONS _e1608 _FCBU-MAIN LIBRARY (Kitwe) _jGOV.ZAM(058)AER/2012B _M2 _UAVAILABLE _WSep 16, 2014 _yB1608 _ZZambiana Collection |
||
| 995 |
_aSPECIAL COLLECTIONS _e1607 _FCBU-MAIN LIBRARY (Kitwe) _jGOV.ZAM(058)ER/2012A _M1 _UAVAILABLE _WSep 16, 2014 _yB1607 _ZZambiana Collection |
||
| 995 |
_aSPECIAL COLLECTIONS _e1609 _FCBU-MAIN LIBRARY (Kitwe) _jGOV.ZAM(058)ER/2012C _M3 _UAVAILABLE _WSep 16, 2014 _yB1609 _ZZambiana Collection |
||
| 999 |
_c84244 _d84244 |
||